Lapin pohjoissaamenkielisiä nimiä - Statistics

Yleistilastot
  • Tätä visaa on pelattu 45 kertaa
  • Keskiarvotulos 15 / 21
Vastaustilastot
Hint Vastaus % Oikein
Anár Inari
95%
Muoná Muonio
95%
Roavvenjárga Rovaniemi
95%
Salla Salla
95%
Eanodat Enontekiö
92%
Njuorggán Nuorgam
92%
Soađegilli Sodankylä
89%
Gilbbesjávri Kilpisjärvi
87%
Avvil Ivalo
84%
Gihttel Kittilä
79%
Ohcejohka Utsjoki
76%
Gáregasnjárga Karigasniemi
71%
Giepma Kemi
68%
Giemajávri Kemijärvi
66%
Suovvaguoika Savukoski
66%
Čeavetjávri Sevettijärvi
66%
Duortnus Tornio
61%
Vuohčču Vuotso
55%
Badje-Duortnus Ylitornio
45%
Gárasavvon Kaaresuvanto
37%
Suoločielgi Saariselkä
32%
Ehtoja vastaavia visoja ei löytynyt
Tulosjakauma
Jokaisen tuloksen saaneiden osuus
Persentiili vastausten määrän mukaan
Tuloshistoriasi
Et ole pelannut tätä visaa